000 00722cab a2200205 4500
001 WB3320-26
008 090401t1997 xxu||||| |||| 00| 0 eng d
035 _a(Sirsi) u78501
041 _aeng
245 _aStocktaking valuation essential
260 _c1997
350 _a0
490 _aRICS Press Release
_v(pr55.rur) 20 May 1997, (2)
520 _aHighlights the importance of undertaking a correct stocktaking valuation with the introduction of self assessment. The RICS has published detailed guidance notes to assist compliance with the Inland Revenue requirements (BEN19).
650 _aRICS GUIDANCE NOTES
650 _aSTOCKTAKING VALUATIONS
690 _aTAXATION
942 _n0
948 _c21/05/1997
999 _c49391
_d49391